| 000 | 00428nab a2200145Ia 4500 | ||
|---|---|---|---|
| 003 | ES-SlBCS | ||
| 005 | 20210601145118.0 | ||
| 008 | 140529s1993 xxu||||| |||| 00| 0 spa d | ||
| 041 | _aspa | ||
| 100 | 1 |
_aRomero, Carlos _9271650 |
|
| 245 | 0 | 0 |
_aEconomía ambiental: aspectos básicos _c Carlos Romero |
| 650 | 0 | 4 |
_aEconomía Ambiental _9308482 |
| 773 | 0 |
_tRevista de Occidente _gnº. 148, 1993, págs. 25-40 _wRev399 |
|
| 942 | _cAR | ||
| 999 |
_c719516 _d719516 |
||